Central Library OPAC University of Rajshahi

Principles of economics : (Record no. 61842)

MARC details
000 -LEADER
fixed length control field 00654nam a2200229 a 4500
001 - CONTROL NUMBER
control field 61842
003 - CONTROL NUMBER IDENTIFIER
rucl marc code BD-RjUL
005 - DATE AND TIME OF LATEST TRANSACTION
control field 20211209081016.0
008 - FIXED-LENGTH DATA ELEMENTS--GENERAL INFORMATION
fixed length control field 170120m19521920nyua 001 0 eng d
035 ## - SYSTEM CONTROL NUMBER
System control number (BD-RjUL)61966
040 ## - CATALOGING SOURCE
Original cataloging agency MYG
Transcribing agency MYG
Language of cataloging eng
Modifying agency BD-RjUL
041 ## - LANGUAGE CODE
Language code of text/sound track or separate title eng
082 ## - DEWEY DECIMAL CLASSIFICATION NUMBER
Edition number 23
Classification number 330
Author mark and year MAP 1952
100 1# - MAIN ENTRY--PERSONAL NAME
Personal name Marshall, Alfred
9 (RLIN) 184108
245 10 - TITLE STATEMENT
Title Principles of economics :
Remainder of title an introductory volume /
Statement of responsibility, etc. Alfred Marshall
250 ## - EDITION STATEMENT
Edition statement 8th ed.
260 ## - PUBLICATION, DISTRIBUTION, ETC. (IMPRINT)
Place of publication, distribution, etc. London :
Name of publisher, distributor, etc. Macmillan and co,
Date of publication, distribution, etc. 1920 [Reprinted 1952]
300 ## - PHYSICAL DESCRIPTION
Pagination xxxiv, 731 p. :
Illustrations ill. ;
Size 22 cm.
500 ## - GENERAL NOTE
General note Include index.
650 #0 - SUBJECT ADDED ENTRY--TOPICAL TERM
Topical term or geographic name as entry element Economics.
9 (RLIN) 170576
942 ## - ADDED ENTRY ELEMENTS (KOHA)
Source of classification or shelving scheme Dewey Decimal Classification
Koha item type Books
Holdings
Lost status Source of classification or shelving scheme Damaged status Not for loan Collection code Permanent Location Current Location Shelving location Date acquired Source of acquisition Cost, normal purchase price Total Checkouts Full call number Date last seen Copy number Koha item type
  Dewey Decimal Classification   Not For Loan Non-fiction Central Library, University of Rajshahi Central Library, University of Rajshahi Reading Room 25/01/1955 Lahore P.U. 17.80   330 MAP 1952 21/01/2017 C-1 Books